The Bell Journal of Economics and Management Science

محفوظ في:

التنسيق: دورية

اللغة: Undetermined

منشور في: JSTOR
RAND Corporation

الموضوعات:

الوصول للمادة أونلاين: Login to view Source

الوسوم: إضافة وسم

لا توجد وسوم, كن أول من يضع وسما على هذه التسجيلة!

رقم الطلب:

LEADER 00565nas a2200181Ia 4500
008 220214c99999999xx |||||||||||| ||und||
022 |a 2325-5323 
022 |a مايو-56 
245 0 4 |a The Bell Journal of Economics and Management Science 
264 1 |b JSTOR 
264 1 |b RAND Corporation 
362 0 |a Vol. 1(1970)-5 (1974) 
653 1 0 |a Business & Economics 
653 1 0 |a Economics 
856 4 0 |u https://www.jstor.org/journal/belljeconmanasci 
942 |c JL 
952 |0 0  |1 0  |4 0  |7 1  |9 34145  |a JSR  |b JSR  |d 2022-02-14  |l 0  |r 2022-02-14 00:00:00  |w 2022-02-14  |y JL 
999 |c 42478  |d 42478